Statistics for Countries With A Megacity

Click here to take the quiz!

General Stats

  • This quiz has been taken 71 times
  • The average score is 21 of 23

Answer Stats

MegacitiesCountry% Correct
1France
98%
5China
97%
6India
97%
3Japan
97%
1Mexico
97%
1United Kingdom
97%
2United States
97%
2Brazil
95%
1Argentina
94%
1Russia
91%
1Egypt
88%
1Indonesia
88%
2Pakistan
88%
1South Korea
88%
1Turkey
88%
1Nigeria
86%
1South Africa
86%
1Thailand
83%
1D.R. Congo
82%
1Peru
82%
1Bangladesh
80%
1Iran
78%
1Philippines
77%

Score Distribution

Percentile by Number Answered

Percent of People with Each Score

Your Score History

You have not taken this quiz